000
00288nam a2200109Ia 4500
008
230907s9999||||xx |||||||||||||| ||und||
082
_a
621.47
_b
BLA
100
_a
Blazev, Anco S.,
_9
114553
245
0
_a
Solar technologies for the 21st century /
300
_a
xi, 713 pages :
942
_c
BK
999
_c
599586
_d
599586